Wszystkie kluby z Serie A 21/22 - Statystyki

Ogólne statystyki
  • Ten quiz został rozwiązany 92 razy
    77 od ostatniego zresetowania
  • Średni wynik to 13 z 20
Statystyki odpowiedzi
Odpowiedz % Poprawnych
Juventus
97%
Napoli
93%
Inter
88%
Milan
88%
Roma
88%
Lazio
75%
Atalanta
73%
Fiorentina
70%
Genoa
65%
Sampdoria
63%
Sassuolo
62%
Spezia
62%
Torino
62%
Bologna
58%
Empoli
58%
Salernitana
53%
Udinese
52%
Venezia
50%
Hellas verona
43%
Cagliari
40%
Nie znaleziono quizów pasujących do podanych kryteriów
Rozkład punktacji
Procent ludzi z każdym wynikiem
Percentyl według liczby udzielonych odpowiedzi
Twoja historia wyników
Nie rozwiązałeś tego quizu od ostatniego zresetowania